Plants vs. Zombies 1 Quiz - Statistics

General Stats
  • This quiz has been taken 71 times
  • The average score is 11 of 15
Answer Stats
Question Answer % Correct
What company developed the game? PopCap
94%
What is the book that holds information about all plants and zombies called? Almanac
86%
What is this plant called? Puff-shroom
84%
Which of these plants explode? Jalapeno
83%
What is technically the only plant that cannot be eaten? (no instantly effective plants) Spikeweed
83%
Which one of these plants is unlocked in the first world? (day levels) Snow Pea
81%
What plant can change its length? Cactus
78%
What plant costs the most sun? Cob Cannon
75%
What year did the game come out? 2009
73%
Which zombie had to be changed because of copyright? Dancing Zombie
72%
What stage is Pumpkin unlocked in? Fog
66%
Which of these plants have an upgrade? Fume-shroom
66%
In what order do the regular zombies' body parts fall off? Left arm, head
64%
Which of these plants can shoot multidirectional? Starfruit
63%
Which of these platforms did the game NOT get ported onto? Playstation 4
52%
No matching quizzes found
Score Distribution
Percent of People with Each Score
Percentile by Number Answered
Your Score History
You have not taken this quiz